000 00931nam a22002177a 4500
005 20250513111818.0
008 250513b |||||||| |||| 00| 0 eng d
037 _cTB
040 _aCRL
_cCRL
041 _2hin
_ahin
084 _aO152,1N57x Q8
_qCRL
100 _aयादव, रमा शंकर 'विद्रोही'
_9784086
245 _aनयी खेती
260 _aगाजियाबाद, भारत:
_bनवारुण,
_c2018.
300 _a188पृ0
365 _b200.00
_cINR
650 _aहिन्दी साहित्य
_9784087
650 _aहिन्दी कविता
_9784088
942 _2CC
_cTB
_hO152,1N57x Q8
_n0
999 _c1400743
_d1400743